00334nam a2200133Ia 4500003000400000008004100004040001600045082001500061100002300076245004500099260003400144300000900178650001300187GCL140319s9999 xx 000 0 eng d aGCL / cGCL04a320.5bE P1 aECCLESHALL, ROBERT10aPOLITICAL SCIENCE / cECCLESHALL, ROBERT a[S.N] : bROUTLEDGE ، c1994 a74 P04aIDEOLOGY